[Event "BCF-chT3N 1617 (4NCL)"]
[Site "England"]
[Date "2017.05.01"]
[Round "11.16"]
[White "Copeland, Dean"]
[Black "Hamer, Martyn"]
[Result "1/2-1/2"]
[WhiteElo "1571"]
[BlackElo "2050"]
[PlyCount "62"]
[EventDate "2016.11.26"]
[EventType "team-swiss"]
[EventRounds "11"]
[EventCountry "ENG"]
[SourceTitle "EXT 2019"]
[Source "ChessBase"]
[SourceDate "2018.10.10"]
[SourceVersion "1"]
[SourceVersionDate "2018.10.10"]
[SourceQuality "1"]
[WhiteTeam "Enniscorthy"]
[BlackTeam "Manchester Manticores"]
[WhiteTeamCountry "IRL"]
[BlackTeamCountry "ENG"]

1. e4 e5 2. d4 exd4 3. c3 d5 4. exd5 Qxd5 5. cxd4 Nc6 6. Nf3 Bg4 7. Be2 Bb4+ 8. Nc3 Nf6 9. 0-0 Bxc3 10. bxc3 0-0 11. Qc2 Rfe8 12. Be3 Rad8 13. Rfd1 Bf5 14. Bd3 Bxd3 15. Qxd3 h6 16. h3 b6 17. c4 Qh5 18. a3 Nxd4 19. Nxd4 c5 20. Qe2 cxd4 21. Qxh5 Nxh5 22. Rxd4 Rxd4 23. Bxd4 Re4 24. Rd1 Nf4 25. Be3 Ne2+ 26. Kh2 Rxc4 27. Rd8+ Kh7 28. Rd7 Ra4 29. Rxf7 Rxa3 30. g3 Kg6 31. Rd7 Kf6 1/2-1/2

[Event "World ol U16"]
[Site "Poprad"]
[Date "2016.07.24"]
[Round "4.3"]
[White "Salimova, Nurgyul"]
[Black "Copeland, Dean"]
[Result "1-0"]
[WhiteElo "2136"]
[BlackElo "1763"]
[PlyCount "105"]
[EventDate "2016.07.22"]
[EventType "team-swiss"]
[EventRounds "9"]
[EventCountry "SVK"]
[SourceTitle "EXT 2017"]
[Source "ChessBase"]
[SourceDate "2016.10.25"]
[SourceVersion "1"]
[SourceVersionDate "2016.10.25"]
[SourceQuality "1"]
[WhiteTeam "Bulgaria"]
[BlackTeam "Ireland"]
[WhiteTeamCountry "BUL"]
[BlackTeamCountry "IRL"]

1. d4 d5 2. c4 e6 3. Nc3 Nf6 4. Nf3 Nbd7 5. cxd5 exd5 6. Bg5 Be7 7. e3 c6 8. Bd3 0-0 9. Qc2 Re8 10. 0-0 Nf8 11. Rab1 Ne4 12. Bf4 Nxc3 13. bxc3 Bd6 14. Bg3 Bxg3 15. hxg3 Qe7 16. Rfe1 Be6 17. Nd2 Qd7 18. e4 a6 19. Nb3 b5 20. Nc5 Qc7 21. e5 g6 22. f4 Qc8 23. Rf1 Bf5 24. Bxf5 Qxf5 25. Qxf5 gxf5 26. Nb7 Re6 27. Nd6 Rxd6 28. exd6 Rd8 29. Rfe1 Ne6 30. Re5 Ng7 31. Rbe1 Rxd6 32. Re7 Re6 33. R1xe6 Nxe6 34. Ra7 c5 35. g4 cxd4 36. cxd4 Nxd4 37. gxf5 Nxf5 38. Rxa6 Nd4 39. Kf2 Ne6 40. f5 Nd4 41. f6 h6 42. Rd6 Nc2 43. Rxd5 Nb4 44. Rxb5 Nxa2 45. Rb3 Nc1 46. Rc3 Na2 47. Rc4 Kh7 48. Ke2 Kg6 49. Kd2 Kxf6 50. Kc2 Kg5 51. Ra4 f5 52. Rxa2 Kg4 53. Ra3 1-0

[Event "World ol U16"]
[Site "Poprad"]
[Date "2016.07.23"]
[Round "3.3"]
[White "Copeland, Dean"]
[Black "Amon, Nejc"]
[Result "0-1"]
[WhiteElo "1763"]
[BlackElo "2104"]
[PlyCount "100"]
[EventDate "2016.07.22"]
[EventType "team-swiss"]
[EventRounds "9"]
[EventCountry "SVK"]
[SourceTitle "EXT 2017"]
[Source "ChessBase"]
[SourceDate "2016.10.25"]
[SourceVersion "1"]
[SourceVersionDate "2016.10.25"]
[SourceQuality "1"]
[WhiteTeam "Ireland"]
[BlackTeam "Slovenia"]
[WhiteTeamCountry "IRL"]
[BlackTeamCountry "SLO"]

1. e4 c5 2. d4 cxd4 3. c3 dxc3 4. Nxc3 e6 5. Nf3 Bb4 6. Bc4 Ne7 7. 0-0 0-0 8. Bf4 Bxc3 9. bxc3 d5 10. exd5 Nxd5 11. Bxd5 Qxd5 12. Qxd5 exd5 13. Rad1 Be6 14. Nd4 a6 15. Rfe1 Nd7 16. Nxe6 fxe6 17. Bd6 Rfe8 18. Rd3 Nb6 19. Bc7 Nc4 20. Be5 Nxe5 21. Rxe5 Rac8 22. Rde3 Kf7 23. f4 g6 24. Kf2 Rc6 25. g4 Rec8 26. f5 Rxc3 27. Rxe6 d4 28. Rf3 gxf5 29. gxf5 Rc2+ 30. Re2 Rxe2+ 31. Kxe2 Rc2+ 32. Kd3 Rc3+ 33. Ke4 Rxf3 34. Kxf3 Kf6 35. Ke4 d3 36. Kxd3 Kxf5 37. Kd4 Kg4 38. Kc5 Kh3 39. Kb6 Kxh2 40. a4 h5 41. a5 h4 42. Kxb7 h3 43. Kxa6 Kg3 44. Kb7 h2 45. a6 h1Q+ 46. Kb8 Qh8+ 47. Kb7 Qg7+ 48. Kb8 Qf8+ 49. Kb7 Qe7+ 50. Kb8 Qe8+ 0-1